Cuộc kháng chiến chống xâm lược Nguyên Mông thế kỷ XIII

Trình bày tình hình Đại Việt thế kỷ XIII, quá trình hình thành và phát triển của đế quốc Mông Cổ, thời kỳ đấu tranh ngoại giao (1258-1284), cuộc kháng chiến của nhân dân Chàm và cuộc kháng chiến quân xâm lược Nguyên Mông của nhân dân Đại Viẹ...

Descripción completa

Guardado en:
Detalles Bibliográficos
Autor principal: Hà, Văn Tấn
Otros Autores: Phạm, Thị Tâm
Formato: Libro
Lenguaje:Undetermined
Publicado: H. Hồng Đức ; Công ty Sách Dân Trí 2019
Materias:
Acceso en línea:http://lrc.tdmu.edu.vn/opac/search/detail.asp?aID=2&ID=40539
Etiquetas: Agregar Etiqueta
Sin Etiquetas, Sea el primero en etiquetar este registro!
Thư viện lưu trữ: Trung tâm Học liệu Trường Đại học Thủ Dầu Một
LEADER 01174nam a2200217Ia 4500
001 TDMU_40539
008 210410s9999 xx 000 0 und d
082 |a 658.8 
090 |b H100 
100 |a Hà, Văn Tấn 
245 0 |a Cuộc kháng chiến chống xâm lược Nguyên Mông thế kỷ XIII 
245 0 |c Hà Văn Tấn, Phạm Thị Tâm 
260 |a H. 
260 |b Hồng Đức ; Công ty Sách Dân Trí 
260 |c 2019 
300 |a 313tr. 
520 |a Trình bày tình hình Đại Việt thế kỷ XIII, quá trình hình thành và phát triển của đế quốc Mông Cổ, thời kỳ đấu tranh ngoại giao (1258-1284), cuộc kháng chiến của nhân dân Chàm và cuộc kháng chiến quân xâm lược Nguyên Mông của nhân dân Đại Việt 
650 |a Lịch sử trung đại  |x Kháng chiến chống Nguyên-Mông  |y Thế kỉ 13  |z Việt Nam 
700 |a Phạm, Thị Tâm 
856 |u http://lrc.tdmu.edu.vn/opac/search/detail.asp?aID=2&ID=40539 
980 |a Trung tâm Học liệu Trường Đại học Thủ Dầu Một